[Event "WCO2014"]
[Site "Tromso"]
[Date "2014.08.03"]
[Round "2.17"]
[WhiteID "2114160"]
[White "Feliciano Ebert Vanessa"]
[BlackID "14109336"]
[Black "Lagno Kateryna"]
[Result "0-1"]
[LiveChessVersion "1.4.3"]
[BlackElo "2540"]
[WhiteElo "2226"]

1. e4 {[%clk 1:30:46]} g6 {[%clk 1:30:43]} 2. d4 {[%clk 1:29:24]} Bg7
{[%clk 1:30:56]} 3. Nc3 {[%clk 1:29:16]} d6 {[%clk 1:30:21]} 4. Be3
{[%clk 1:28:43]} a6 {[%clk 1:30:20]} 5. h4 {[%clk 1:28:46]} Nf6 {[%clk 1:28:16]}
6. f3 {[%clk 1:22:22]} b5 {[%clk 1:25:42]} 7. Qd2 {[%clk 1:19:43]} h5
{[%clk 1:23:27]} 8. Nh3 {[%clk 1:17:21]} Nbd7 {[%clk 1:16:57]} 9. Ng5
{[%clk 1:14:36]} Nb6 {[%clk 1:13:36]} 10. O-O-O {[%clk 1:11:31]} e6
{[%clk 1:09:16]} 11. Bd3 {[%clk 1:02:32]} Qe7 {[%clk 1:03:48]} 12. Kb1
{[%clk 0:58:20]} Bb7 {[%clk 0:53:51]} 13. Qf2 {[%clk 0:50:29]} Nfd7
{[%clk 0:43:35]} 14. Ne2 {[%clk 0:41:45]} c5 {[%clk 0:32:04]} 15. c3
{[%clk 0:40:08]} e5 {[%clk 0:25:01]} 16. dxc5 {[%clk 0:38:32]} Nxc5
{[%clk 0:23:59]} 17. Bc2 {[%clk 0:35:18]} Nc4 {[%clk 0:24:00]} 18. Bc1
{[%clk 0:33:56]} f6 {[%clk 0:23:24]} 19. Nh3 {[%clk 0:32:06]} Bh6
{[%clk 0:23:29]} 20. Bxh6 {[%clk 0:29:51]} Rxh6 {[%clk 0:23:55]} 21. Nc1
{[%clk 0:29:52]} Qc7 {[%clk 0:16:08]} 22. Rhe1 {[%clk 0:27:04]} Na4
{[%clk 0:14:54]} 23. Nd3 {[%clk 0:22:03]} Qb6 {[%clk 0:11:56]} 24. Bxa4
{[%clk 0:19:01]} bxa4 {[%clk 0:12:23]} 25. Nb4 {[%clk 0:18:14]} a5
{[%clk 0:11:42]} 26. Nd5 {[%clk 0:17:07]} Bxd5 {[%clk 0:11:59]} 27. Rxd5
{[%clk 0:17:23]} Rb8 {[%clk 0:12:01]} 28. Qxb6 {[%clk 0:17:27]} Rxb6
{[%clk 0:12:27]} 29. Re2 {[%clk 0:17:40]} Rh7 {[%clk 0:12:22]} 30. Nf2
{[%clk 0:17:11]} Rhb7 {[%clk 0:12:35]} 31. Nd1 {[%clk 0:17:00]} Kf7
{[%clk 0:10:58]} 32. Kc1 {[%clk 0:16:14]} Ke6 {[%clk 0:09:59]} 33. Rd3
{[%clk 0:13:06]} f5 {[%clk 0:06:31]} 34. exf5+ {[%clk 0:08:24]} gxf5
{[%clk 0:06:46]} 35. f4 {[%clk 0:07:56]} Rg7 {[%clk 0:07:00]} 36. fxe5
{[%clk 0:07:28]} dxe5 {[%clk 0:06:13]} 37. Rd8 {[%clk 0:06:51]} f4
{[%clk 0:06:10]} 38. Rh8 {[%clk 0:06:04]} Rd6 {[%clk 0:02:15]} 39. Rxh5
{[%clk 0:04:52]} Rgd7 {[%clk 0:01:58]} 40. Rh6+ {[%clk 0:04:14]} Kf5
{[%clk 0:02:24]} 41. Rxd6 {[%clk 0:04:27]} Nxd6 {[%clk 0:26:47]} 42. b3
{[%clk 0:29:19]} e4 {[%clk 0:18:35]} 43. c4 {[%clk 0:27:57]} axb3
{[%clk 0:17:57]} 44. axb3 {[%clk 0:28:20]} Nb7 {[%clk 0:16:40]} 45. Kc2
{[%clk 0:15:41]} Nc5 {[%clk 0:16:21]} 46. Nf2 {[%clk 0:15:34]} e3
{[%clk 0:15:50]} 47. Nd1 {[%clk 0:13:47]} Kg4 {[%clk 0:08:53]} 48. Nc3
{[%clk 0:10:35]} Ne6 {[%clk 0:07:52]} 49. Nb5 {[%clk 0:09:33]} Kxh4
{[%clk 0:07:52]} 50. Kc3 {[%clk 0:06:01]} Kg3 {[%clk 0:07:06]} 51. c5
{[%clk 0:05:30]} Nxc5 {[%clk 0:07:28]} 52. Nd4 {[%clk 0:05:30]} Ne4+
{[%clk 0:07:40]} 53. Kc4 {[%clk 0:05:15]} Rc7+ {[%clk 0:08:03]} 0-1

[Event "WCO2014"]
[Site "Tromso"]
[Date "2014.08.03"]
[Round "2.18"]
[WhiteID "4167570"]
[White "Gunina Valentina"]
[BlackID "2109220"]
[Black "Terao Juliana Sayumi"]
[Result "1-0"]
[LiveChessVersion "1.4.3"]
[BlackElo "2222"]
[WhiteElo "2524"]

1. d4 {[%clk 1:30:56]} Nf6 {[%clk 1:30:47]} 2. c4 {[%clk 1:31:10]} g6
{[%clk 1:31:04]} 3. Nf3 {[%clk 1:30:59]} Bg7 {[%clk 1:31:11]} 4. g3
{[%clk 1:31:14]} d5 {[%clk 1:25:25]} 5. cxd5 {[%clk 1:31:07]} Nxd5
{[%clk 1:25:45]} 6. Bg2 {[%clk 1:31:33]} Nb6 {[%clk 1:25:41]} 7. O-O
{[%clk 1:30:17]} Nc6 {[%clk 1:24:47]} 8. e3 {[%clk 1:29:34]} e5 {[%clk 1:24:36]}
9. Nc3 {[%clk 1:21:42]} exd4 {[%clk 1:13:49]} 10. exd4 {[%clk 1:21:25]} O-O
{[%clk 1:10:18]} 11. Bg5 {[%clk 1:20:26]} Qd7 {[%clk 0:57:05]} 12. Re1
{[%clk 1:13:25]} h6 {[%clk 0:32:36]} 13. Bf4 {[%clk 1:12:12]} g5 {[%clk 0:32:25]}
14. Be3 {[%clk 1:11:51]} Nc4 {[%clk 0:23:14]} 15. d5 {[%clk 1:07:15]} Nxe3
{[%clk 0:21:22]} 16. Rxe3 {[%clk 1:07:37]} Ne7 {[%clk 0:20:53]} 17. Ne5
{[%clk 1:05:47]} Qd8 {[%clk 0:16:17]} 18. Qh5 {[%clk 1:03:06]} Bf5
{[%clk 0:14:13]} 19. Rae1 {[%clk 1:02:01]} Ng6 {[%clk 0:13:21]} 20. Ng4
{[%clk 0:56:23]} Kh7 {[%clk 0:10:05]} 21. Be4 {[%clk 0:54:56]} Bxe4
{[%clk 0:08:10]} 22. Rxe4 {[%clk 0:53:37]} c6 {[%clk 0:04:59]} 23. Rd1
{[%clk 0:50:39]} Qb6 {[%clk 0:03:51]} 24. Re2 {[%clk 0:49:43]} Rfe8
{[%clk 0:03:29]} 25. Ne4 {[%clk 0:48:27]} Rxe4 {[%clk 0:03:18]} 26. Rxe4
{[%clk 0:48:25]} cxd5 {[%clk 0:03:27]} 27. Rxd5 {[%clk 0:47:45]} Qxb2
{[%clk 0:03:09]} 28. Re1 {[%clk 0:42:52]} Qxa2 {[%clk 0:03:03]} 29. Ne3
{[%clk 0:39:12]} Rc8 {[%clk 0:02:19]} 30. Rxg5 {[%clk 0:38:21]} Qd2
{[%clk 0:02:34]} 31. Rf1 {[%clk 0:38:29]} b6 {[%clk 0:02:34]} 32. Rd5
{[%clk 0:38:30]} Qb2 {[%clk 0:02:12]} 33. Qf5 {[%clk 0:37:45]} Rc7
{[%clk 0:02:27]} 34. h4 {[%clk 0:37:59]} Qf6 {[%clk 0:02:22]} 35. Qe4
{[%clk 0:36:52]} Qe6 {[%clk 0:01:54]} 36. Qb1 {[%clk 0:34:28]} Rc3
{[%clk 0:01:19]} 37. Rfd1 {[%clk 0:34:11]} Kg8 38. Rd8+ {[%clk 0:33:58]} Nf8
{[%clk 0:00:50]} 39. Nd5 {[%clk 0:32:11]} Rc5 {[%clk 0:00:57]} 40. Re1
{[%clk 0:30:44]} Be5 {[%clk 0:01:00]} 41. Qe4 {[%clk 0:29:54]} Bb2
{[%clk 0:17:11]} 42. Qxe6 {[%clk 0:58:31]} fxe6 {[%clk 0:17:33]} 43. Nf4
{[%clk 0:58:56]} Kf7 {[%clk 0:05:12]} 44. Rxf8+ {[%clk 0:58:47]} Kxf8
{[%clk 0:05:35]} 45. Nxe6+ {[%clk 0:59:14]} Kg8 {[%clk 0:05:19]} 46. Nxc5
{[%clk 0:59:39]} bxc5 {[%clk 0:05:43]} 47. Re8+ {[%clk 0:59:13]} 1-0

[Event "WCO2014"]
[Site "Tromso"]
[Date "2014.08.03"]
[Round "2.19"]
[WhiteID "2100681"]
[White "Ribeiro Regina"]
[BlackID "4195752"]
[Black "Girya Olga"]
[Result "0-1"]
[LiveChessVersion "1.4.3"]
[BlackElo "2484"]
[WhiteElo "2000"]

1. Nf3 {[%clk 1:30:57]} d5 {[%clk 1:30:53]} 2. g3 {[%clk 1:31:01]} c6
{[%clk 1:31:11]} 3. Bg2 {[%clk 1:31:00]} Bg4 {[%clk 1:31:36]} 4. d4
{[%clk 1:29:45]} Nd7 {[%clk 1:31:17]} 5. Nbd2 {[%clk 1:27:55]} Ngf6
{[%clk 1:30:44]} 6. O-O {[%clk 1:26:29]} e6 {[%clk 1:30:57]} 7. b3
{[%clk 1:25:09]} Be7 {[%clk 1:27:59]} 8. c4 {[%clk 1:23:32]} O-O {[%clk 1:27:28]}
9. Bb2 {[%clk 1:21:21]} Bh5 {[%clk 1:22:06]} 10. Ne5 {[%clk 1:08:50]} Qb6
{[%clk 1:03:03]} 11. Nd3 {[%clk 0:53:49]} Bg6 {[%clk 1:00:01]} 12. Nf4
{[%clk 0:53:21]} Bf5 {[%clk 0:56:19]} 13. e3 {[%clk 0:38:30]} Rfd8
{[%clk 0:53:58]} 14. Qe2 {[%clk 0:35:32]} a5 {[%clk 0:48:32]} 15. c5
{[%clk 0:34:52]} Qc7 {[%clk 0:46:19]} 16. a3 {[%clk 0:34:24]} e5 {[%clk 0:43:33]}
17. Nd3 {[%clk 0:30:15]} exd4 {[%clk 0:40:29]} 18. exd4 {[%clk 0:29:48]} Re8
{[%clk 0:40:24]} 19. Qf3 {[%clk 0:28:51]} Bg4 {[%clk 0:29:10]} 20. Qf4
{[%clk 0:28:27]} Qxf4 {[%clk 0:29:30]} 21. Nxf4 {[%clk 0:28:38]} g5
{[%clk 0:29:23]} 22. Nh3 {[%clk 0:27:40]} Ne4 {[%clk 0:28:18]} 23. Bxe4
{[%clk 0:24:15]} dxe4 {[%clk 0:27:33]} 24. Kg2 {[%clk 0:24:22]} Be6
{[%clk 0:24:49]} 25. Rfe1 {[%clk 0:20:38]} Bd5 {[%clk 0:21:59]} 26. Kf1
{[%clk 0:18:35]} f5 {[%clk 0:22:22]} 27. Ng1 {[%clk 0:18:18]} Bf6
{[%clk 0:20:17]} 28. Bc3 {[%clk 0:16:03]} Nxc5 {[%clk 0:19:55]} 29. Nc4
{[%clk 0:13:12]} Nxb3 {[%clk 0:18:35]} 30. Nb6 {[%clk 0:12:55]} Nxa1
{[%clk 0:18:37]} 31. Nxa8 {[%clk 0:12:08]} Bc4+ {[%clk 0:12:26]} 32. Kg2
{[%clk 0:11:58]} Rxa8 {[%clk 0:11:19]} 33. Bxa1 {[%clk 0:11:01]} Rd8
{[%clk 0:11:15]} 34. d5 {[%clk 0:04:53]} Bxa1 {[%clk 0:11:31]} 35. dxc6
{[%clk 0:05:04]} Be5 {[%clk 0:10:53]} 36. cxb7 {[%clk 0:04:35]} Ba6
{[%clk 0:10:42]} 37. f4 {[%clk 0:03:31]} Rd2+ {[%clk 0:08:47]} 38. Ne2
{[%clk 0:03:32]} Bxe2 {[%clk 0:08:45]} 39. fxe5 {[%clk 0:03:22]} Ba6+
{[%clk 0:08:44]} 40. Kg1 {[%clk 0:03:24]} Bxb7 {[%clk 0:09:12]} 41. Rb1
{[%clk 0:03:14]} Bd5 {[%clk 0:09:23]} 0-1

[Event "WCO2014"]
[Site "Tromso"]
[Date "2014.08.03"]
[Round "2.20"]
[WhiteID "4147855"]
[White "Pogonina Natalija"]
[BlackID "2105985"]
[Black "Chang Suzana"]
[Result "1-0"]
[LiveChessVersion "1.4.3"]
[BlackElo "1991"]
[WhiteElo "2479"]

1. e4 {[%clk 1:30:56]} e5 {[%clk 1:30:55]} 2. Nf3 {[%clk 1:31:19]} Nc6
{[%clk 1:31:17]} 3. Bb5 {[%clk 1:31:34]} a6 {[%clk 1:31:35]} 4. Ba4
{[%clk 1:31:43]} Nf6 {[%clk 1:31:54]} 5. O-O {[%clk 1:31:45]} Be7
{[%clk 1:31:37]} 6. Re1 {[%clk 1:31:43]} b5 {[%clk 1:32:00]} 7. Bb3
{[%clk 1:32:08]} O-O {[%clk 1:32:18]} 8. a4 {[%clk 1:32:09]} b4 {[%clk 1:25:40]}
9. a5 {[%clk 1:30:40]} d5 {[%clk 1:13:15]} 10. exd5 {[%clk 1:06:06]} Nxd5
{[%clk 1:10:58]} 11. d4 {[%clk 1:05:26]} exd4 {[%clk 1:04:25]} 12. Nxd4
{[%clk 1:05:46]} Nxd4 {[%clk 1:04:46]} 13. Qxd4 {[%clk 1:06:11]} Bb7
{[%clk 0:52:45]} 14. Nd2 {[%clk 1:01:11]} Bf6 {[%clk 0:45:21]} 15. Qc4
{[%clk 0:55:27]} Re8 {[%clk 0:38:19]} 16. Rxe8+ {[%clk 0:48:26]} Qxe8
{[%clk 0:38:35]} 17. Ne4 {[%clk 0:48:44]} Qe5 {[%clk 0:36:32]} 18. Nxf6+
{[%clk 0:46:52]} Qxf6 {[%clk 0:36:35]} 19. Bd2 {[%clk 0:45:49]} Re8
{[%clk 0:26:51]} 20. Re1 {[%clk 0:38:54]} Rxe1+ {[%clk 0:21:57]} 21. Bxe1
{[%clk 0:39:21]} Qe7 {[%clk 0:20:18]} 22. Bd2 {[%clk 0:36:59]} h6
{[%clk 0:19:21]} 23. h3 {[%clk 0:34:58]} c5 {[%clk 0:13:02]} 24. Qd3
{[%clk 0:30:07]} Qe5 {[%clk 0:08:29]} 25. c3 {[%clk 0:25:58]} h5 {[%clk 0:03:41]}
26. Bc4 {[%clk 0:17:45]} Qd6 {[%clk 0:03:07]} 27. Qf3 {[%clk 0:14:23]} g6
{[%clk 0:02:44]} 28. Qe4 {[%clk 0:11:53]} Kg7 {[%clk 0:02:30]} 29. cxb4
{[%clk 0:08:43]} cxb4 {[%clk 0:02:33]} 30. Bb3 {[%clk 0:05:24]} Qc6
{[%clk 0:01:57]} 31. Bg5 {[%clk 0:03:36]} Nf6 {[%clk 0:00:46]} 32. Bxf6+
{[%clk 0:02:32]} Kxf6 {[%clk 0:01:14]} 33. Qf4+ {[%clk 0:02:56]} Ke7
{[%clk 0:01:27]} 34. Qxf7+ {[%clk 0:03:22]} Kd8 {[%clk 0:01:55]} 35. Qf8+
{[%clk 0:03:05]} Kc7 {[%clk 0:02:02]} 36. Qf4+ {[%clk 0:02:34]} Qd6
{[%clk 0:01:16]} 37. Qxd6+ {[%clk 0:01:42]} Kxd6 {[%clk 0:01:45]} 38. Bf7
{[%clk 0:01:49]} Be4 {[%clk 0:02:04]} 39. Bc4 {[%clk 0:02:08]} Bb7
{[%clk 0:02:15]} 40. f4 {[%clk 0:01:16]} Bc8 {[%clk 0:00:39]} 41. Bd3
{[%clk 0:00:51]} 1-0

[Event "WCO2014"]
[Site "Tromso"]
[Date "2014.08.03"]
[Round "2.13"]
[WhiteID "14111330"]
[White "Muzychuk Anna"]
[BlackID "3201937"]
[Black "Berezina Irina"]
[Result "1/2-1/2"]
[LiveChessVersion "1.4.3"]
[BlackElo "2182"]
[WhiteElo "2555"]

1. e4 {[%clk 1:30:57]} g6 {[%clk 1:30:50]} 2. d4 {[%clk 1:31:07]} Bg7
{[%clk 1:31:15]} 3. Nc3 {[%clk 1:31:17]} d6 {[%clk 1:31:36]} 4. f4
{[%clk 1:29:29]} Nf6 {[%clk 1:31:22]} 5. Nf3 {[%clk 1:26:58]} O-O
{[%clk 1:31:20]} 6. e5 {[%clk 1:25:28]} dxe5 {[%clk 1:23:19]} 7. fxe5
{[%clk 1:25:30]} Nd5 {[%clk 1:22:06]} 8. Bc4 {[%clk 1:16:42]} c6 {[%clk 1:18:07]}
9. O-O {[%clk 1:14:24]} a6 {[%clk 1:15:51]} 10. Ne4 {[%clk 1:13:02]} b5
{[%clk 1:10:03]} 11. Bb3 {[%clk 1:09:09]} a5 {[%clk 1:02:21]} 12. c3
{[%clk 1:06:55]} Na6 {[%clk 0:59:48]} 13. Qe1 {[%clk 1:02:52]} f5
{[%clk 0:54:18]} 14. exf6 {[%clk 1:01:37]} exf6 {[%clk 0:54:30]} 15. Qh4
{[%clk 0:57:33]} a4 {[%clk 0:49:23]} 16. Bc2 {[%clk 0:56:02]} Ra7
{[%clk 0:49:29]} 17. Bd2 {[%clk 0:49:23]} Qd7 {[%clk 0:38:32]} 18. Rae1
{[%clk 0:45:49]} Qg4 {[%clk 0:37:03]} 19. Qf2 {[%clk 0:45:30]} Qd7
{[%clk 0:36:51]} 20. h3 {[%clk 0:43:41]} Nac7 {[%clk 0:30:48]} 21. Nc5
{[%clk 0:33:02]} Qd6 {[%clk 0:29:27]} 22. Ne4 {[%clk 0:28:44]} Qd8
{[%clk 0:29:40]} 23. Qg3 {[%clk 0:28:25]} Be6 {[%clk 0:28:06]} 24. Nh4
{[%clk 0:27:29]} Ne7 {[%clk 0:25:58]} 25. a3 {[%clk 0:25:15]} Bc4
{[%clk 0:20:40]} 26. Rf2 {[%clk 0:24:59]} Ne8 {[%clk 0:18:56]} 27. Nc5
{[%clk 0:22:57]} Qc8 {[%clk 0:16:24]} 28. Bf4 {[%clk 0:15:18]} g5
{[%clk 0:11:12]} 29. Bxg5 {[%clk 0:14:49]} fxg5 {[%clk 0:11:15]} 30. Rxf8+
{[%clk 0:14:43]} Kxf8 {[%clk 0:09:19]} 31. Qxg5 {[%clk 0:13:59]} Nf6
{[%clk 0:09:16]} 32. Bf5 {[%clk 0:12:22]} Nxf5 {[%clk 0:07:23]} 33. Nxf5
{[%clk 0:12:46]} Qc7 {[%clk 0:06:48]} 34. Re3 {[%clk 0:04:38]} Bd5
{[%clk 0:05:12]} 35. Rg3 {[%clk 0:03:01]} Ne8 {[%clk 0:03:59]} 36. Rg4
{[%clk 0:02:29]} Qf7 {[%clk 0:03:07]} 37. Rf4 {[%clk 0:01:01]} Bf6
{[%clk 0:03:22]} 38. Qh6+ {[%clk 0:01:14]} Kg8 {[%clk 0:03:23]} 39. Nd6
{[%clk 0:00:51]} Nxd6 {[%clk 0:01:16]} 40. Rxf6 {[%clk 0:00:58]} 1/2-1/2

[Event "WCO2014"]
[Site "Tromso"]
[Date "2014.08.03"]
[Round "2.15"]
[WhiteID "14101513"]
[White "Zhukova Natalia"]
[BlackID "3200493"]
[Black "Dekic Biljana N."]
[Result "1-0"]
[LiveChessVersion "1.4.3"]
[BlackElo "2048"]
[WhiteElo "2468"]

1. d4 {[%clk 1:30:56]} Nf6 {[%clk 1:30:48]} 2. c4 {[%clk 1:31:16]} e6
{[%clk 1:31:06]} 3. g3 {[%clk 1:31:33]} c5 {[%clk 1:30:26]} 4. d5
{[%clk 1:31:32]} exd5 {[%clk 1:29:48]} 5. cxd5 {[%clk 1:31:55]} d6
{[%clk 1:30:09]} 6. Nc3 {[%clk 1:31:34]} a6 {[%clk 1:26:51]} 7. a4
{[%clk 1:31:26]} g6 {[%clk 1:26:27]} 8. Bg2 {[%clk 1:31:40]} Bg7 {[%clk 1:26:44]}
9. Nf3 {[%clk 1:31:35]} O-O {[%clk 1:25:49]} 10. O-O {[%clk 1:31:52]} Re8
{[%clk 1:23:42]} 11. Bf4 {[%clk 1:27:43]} Ne4 {[%clk 1:19:35]} 12. Nxe4
{[%clk 1:27:28]} Rxe4 {[%clk 1:18:35]} 13. Nd2 {[%clk 1:27:44]} Rb4
{[%clk 1:17:51]} 14. b3 {[%clk 0:46:44]} g5 {[%clk 1:02:09]} 15. Be3
{[%clk 0:46:53]} f5 {[%clk 1:02:24]} 16. Nf3 {[%clk 0:41:56]} h6 {[%clk 1:02:15]}
17. Rc1 {[%clk 0:37:39]} a5 {[%clk 1:00:19]} 18. Bd2 {[%clk 0:36:49]} Rb6
{[%clk 1:00:33]} 19. Bc3 {[%clk 0:30:52]} Bxc3 {[%clk 0:51:24]} 20. Rxc3
{[%clk 0:31:19]} Qf6 {[%clk 0:51:51]} 21. Qc1 {[%clk 0:28:24]} Na6
{[%clk 0:49:32]} 22. Nd2 {[%clk 0:17:28]} Nb4 {[%clk 0:49:50]} 23. Nc4
{[%clk 0:16:54]} Rba6 {[%clk 0:50:06]} 24. Qd2 {[%clk 0:15:09]} Bd7
{[%clk 0:48:17]} 25. e4 {[%clk 0:12:16]} fxe4 {[%clk 0:35:21]} 26. Bxe4
{[%clk 0:12:38]} b5 {[%clk 0:33:39]} 27. axb5 {[%clk 0:12:02]} Bxb5
{[%clk 0:34:02]} 28. Re1 {[%clk 0:10:08]} Bxc4 {[%clk 0:25:52]} 29. Rxc4
{[%clk 0:10:14]} a4 {[%clk 0:26:18]} 30. bxa4 {[%clk 0:10:12]} Rxa4
{[%clk 0:26:44]} 31. Bb1 {[%clk 0:08:33]} Ra1 {[%clk 0:23:53]} 32. h4
{[%clk 0:06:55]} Kf7 {[%clk 0:14:15]} 33. Rce4 {[%clk 0:04:19]} Kf8
{[%clk 0:04:49]} 34. Re6 {[%clk 0:02:28]} Qd4 {[%clk 0:03:22]} 35. Qe2
{[%clk 0:02:55]} Rxb1 {[%clk 0:01:44]} 36. Rxb1 {[%clk 0:02:47]} Qxd5
{[%clk 0:02:07]} 37. Rxh6 {[%clk 0:02:48]} Ra2 {[%clk 0:02:02]} 38. Rf6+
{[%clk 0:02:42]} Kg8 {[%clk 0:01:47]} 39. Qe8+ {[%clk 0:03:01]} Kg7
{[%clk 0:01:30]} 40. Qg6+ {[%clk 0:03:18]} 1-0

[Event "WCO2014"]
[Site "Tromso"]
[Date "2014.08.03"]
[Round "2.16"]
[WhiteID "3206718"]
[White "Yu Sally"]
[BlackID "14101181"]
[Black "Gaponenko Inna"]
[Result "0-1"]
[LiveChessVersion "1.4.3"]
[BlackElo "2379"]
[WhiteElo "1953"]

1. e4 {[%clk 1:30:57]} c5 {[%clk 1:30:56]} 2. Nf3 {[%clk 1:31:18]} Nc6
{[%clk 1:31:20]} 3. d4 {[%clk 1:31:32]} cxd4 {[%clk 1:31:46]} 4. Nxd4
{[%clk 1:31:52]} g6 {[%clk 1:31:25]} 5. Nc3 {[%clk 1:30:26]} Bg7 {[%clk 1:31:44]}
6. Be3 {[%clk 1:30:40]} Nf6 {[%clk 1:31:51]} 7. Bc4 {[%clk 1:25:15]} O-O
{[%clk 1:29:59]} 8. Bb3 {[%clk 1:23:04]} d6 {[%clk 1:24:24]} 9. f3
{[%clk 1:22:52]} Bd7 {[%clk 1:20:37]} 10. Qd2 {[%clk 1:20:54]} Qa5
{[%clk 1:14:26]} 11. O-O-O {[%clk 1:18:26]} Rfc8 {[%clk 1:14:10]} 12. g4
{[%clk 1:09:32]} Ne5 {[%clk 1:12:37]} 13. h4 {[%clk 1:08:23]} b5 {[%clk 1:05:04]}
14. Nd5 {[%clk 0:59:58]} Qxd2+ {[%clk 1:04:47]} 15. Rxd2 {[%clk 0:59:25]} Nxd5
{[%clk 1:02:48]} 16. Bxd5 {[%clk 0:56:18]} Rab8 {[%clk 0:54:14]} 17. h5
{[%clk 0:47:22]} e6 {[%clk 0:49:05]} 18. Bb3 {[%clk 0:47:30]} a5 {[%clk 0:49:29]}
19. a3 {[%clk 0:47:40]} a4 {[%clk 0:48:35]} 20. Ba2 {[%clk 0:47:52]} b4
{[%clk 0:49:00]} 21. axb4 {[%clk 0:42:56]} Rxb4 {[%clk 0:49:21]} 22. hxg6
{[%clk 0:42:25]} hxg6 {[%clk 0:49:44]} 23. Rf1 {[%clk 0:36:42]} a3
{[%clk 0:16:10]} 24. b3 {[%clk 0:27:12]} Rc3 {[%clk 0:12:22]} 25. Bg1
{[%clk 0:25:00]} Bh6 {[%clk 0:09:54]} 26. g5 {[%clk 0:21:56]} Bxg5
{[%clk 0:09:48]} 27. f4 {[%clk 0:22:19]} Bh6 {[%clk 0:10:13]} 28. fxe5
{[%clk 0:21:48]} dxe5 {[%clk 0:10:37]} 29. Ne2 {[%clk 0:19:46]} Rh3
{[%clk 0:08:25]} 30. c4 {[%clk 0:17:28]} Bc6 {[%clk 0:08:16]} 31. Bc5
{[%clk 0:17:44]} Rb8 {[%clk 0:07:36]} 32. Bd6 {[%clk 0:12:32]} Rd8
{[%clk 0:06:52]} 33. c5 {[%clk 0:12:59]} Bxe4 {[%clk 0:01:12]} 34. b4
{[%clk 0:09:48]} Bc6 {[%clk 0:01:16]} 35. Bc4 {[%clk 0:08:34]} Rh4
{[%clk 0:01:19]} 36. Ba2 {[%clk 0:05:40]} Rxb4 {[%clk 0:01:28]} 37. Nc3
{[%clk 0:05:00]} Rb2 {[%clk 0:00:49]} 38. Rff2 {[%clk 0:05:00]} Bf3
{[%clk 0:00:37]} 39. Bc4 {[%clk 0:03:30]} e4 {[%clk 0:00:36]} 40. Rh2
{[%clk 0:01:43]} Bg5 {[%clk 0:00:45]} 41. Nb5 {[%clk 0:30:22]} Rxd2
{[%clk 0:19:25]} 42. Rxd2 {[%clk 0:30:41]} e3 {[%clk 0:19:51]} 43. Re2
{[%clk 0:30:56]} Bxe2 {[%clk 0:20:17]} 44. Bxe2 {[%clk 0:31:19]} a2
{[%clk 0:20:37]} 45. Be5 {[%clk 0:28:40]} Rd5 {[%clk 0:20:57]} 46. Bc3
{[%clk 0:28:02]} Rxc5 {[%clk 0:21:18]} 47. Kb2 {[%clk 0:28:28]} Rxc3
{[%clk 0:20:32]} 48. Nxc3 {[%clk 0:28:12]} Bf6 {[%clk 0:20:59]} 0-1

[Event "WCO2014"]
[Site "Tromso"]
[Date "2014.08.03"]
[Round "2.9"]
[WhiteID "933988"]
[White "Milovic Aleksandra"]
[BlackID "13601903"]
[Black "Dzagnidze Nana"]
[Result "0-1"]
[LiveChessVersion "1.4.3"]
[BlackElo "2550"]
[WhiteElo "2170"]

1. d4 {[%clk 1:30:58]} Nf6 {[%clk 1:30:51]} 2. Bg5 {[%clk 1:30:51]} d5
{[%clk 1:30:05]} 3. Nc3 {[%clk 1:30:23]} Bf5 {[%clk 1:22:42]} 4. f3
{[%clk 1:30:23]} Bg6 {[%clk 1:22:53]} 5. Nh3 {[%clk 1:22:01]} Nc6
{[%clk 1:21:38]} 6. Nf4 {[%clk 1:10:30]} e6 {[%clk 1:21:57]} 7. h4
{[%clk 1:08:45]} h6 {[%clk 1:12:53]} 8. Nxg6 {[%clk 1:08:35]} fxg6
{[%clk 1:13:20]} 9. Be3 {[%clk 0:56:06]} Bd6 {[%clk 1:11:15]} 10. Bf2
{[%clk 0:50:51]} O-O {[%clk 1:11:11]} 11. Qd3 {[%clk 0:43:36]} e5
{[%clk 1:10:59]} 12. O-O-O {[%clk 0:38:37]} exd4 {[%clk 1:10:50]} 13. Bxd4
{[%clk 0:37:15]} Nxd4 {[%clk 1:10:22]} 14. Qxd4 {[%clk 0:37:40]} c5
{[%clk 1:10:23]} 15. Qd3 {[%clk 0:35:35]} d4 {[%clk 1:06:17]} 16. e3
{[%clk 0:33:20]} dxc3 {[%clk 1:04:17]} 17. Qxd6 {[%clk 0:33:36]} Qa5
{[%clk 1:04:35]} 18. Bc4+ {[%clk 0:22:04]} Kh8 {[%clk 0:45:01]} 19. e4
{[%clk 0:18:51]} b5 {[%clk 0:21:34]} 20. Qxc5 {[%clk 0:18:18]} Rfc8
{[%clk 0:20:53]} 21. Qxb5 {[%clk 0:18:24]} cxb2+ {[%clk 0:18:01]} 22. Kb1
{[%clk 0:18:48]} Qc7 {[%clk 0:18:16]} 23. Bb3 {[%clk 0:17:32]} Rab8
{[%clk 0:17:41]} 24. Qd3 {[%clk 0:17:25]} Rb6 {[%clk 0:15:46]} 25. g4
{[%clk 0:16:37]} Kh7 {[%clk 0:12:58]} 26. h5 {[%clk 0:15:48]} Qe5
{[%clk 0:13:26]} 27. hxg6+ {[%clk 0:15:58]} Kxg6 {[%clk 0:13:54]} 28. Qd4
{[%clk 0:11:40]} Qc7 {[%clk 0:11:32]} 29. c4 {[%clk 0:10:08]} Re6
{[%clk 0:02:54]} 30. c5 {[%clk 0:10:12]} Re5 {[%clk 0:03:21]} 31. Qd6
{[%clk 0:07:01]} Rxc5 {[%clk 0:03:21]} 32. Qxc7 {[%clk 0:07:25]} R8xc7
{[%clk 0:03:47]} 33. Kxb2 {[%clk 0:07:35]} Kg5 {[%clk 0:04:12]} 34. Rhe1
{[%clk 0:06:53]} Re5 {[%clk 0:04:22]} 35. Rc1 {[%clk 0:05:48]} Rb7
{[%clk 0:04:19]} 36. Rc3 {[%clk 0:03:49]} Kf4 {[%clk 0:04:46]} 37. Kc2
{[%clk 0:04:06]} Rd7 {[%clk 0:02:24]} 38. Rd1 {[%clk 0:03:48]} Ree7
{[%clk 0:02:31]} 39. Rdd3 {[%clk 0:01:44]} Rxd3 {[%clk 0:02:43]} 40. Rxd3
{[%clk 0:02:04]} Nd7 {[%clk 0:03:10]} 41. Kc3 {[%clk 0:17:36]} Ne5
{[%clk 0:33:50]} 42. Rd8 {[%clk 0:16:12]} Kxf3 {[%clk 0:23:29]} 43. Bd5
{[%clk 0:14:52]} Kxg4 {[%clk 0:23:36]} 44. Kd4 {[%clk 0:14:59]} h5
{[%clk 0:23:56]} 45. Kc5 {[%clk 0:15:00]} Nf3 {[%clk 0:10:59]} 46. Kd6
{[%clk 0:13:56]} Re5 {[%clk 0:11:27]} 47. Rf8 {[%clk 0:12:34]} Rg5
{[%clk 0:08:16]} 48. Bb3 {[%clk 0:03:46]} Kg3 {[%clk 0:03:22]} 49. Bd1
{[%clk 0:02:46]} Ne5 {[%clk 0:02:39]} 50. Rc8 {[%clk 0:01:28]} Kf4
{[%clk 0:02:09]} 51. Ke6 {[%clk 0:00:31]} h4 {[%clk 0:01:45]} 52. Rc3
{[%clk 0:00:33]} Rg6+ {[%clk 0:01:52]} 53. Kd5 {[%clk 0:00:53]} Rg3
{[%clk 0:02:09]} 54. Rc8 {[%clk 0:01:06]} Rd3+ {[%clk 0:02:31]} 55. Ke6
{[%clk 0:01:33]} Rxd1 {[%clk 0:02:57]} 56. Rf8+ {[%clk 0:02:00]} Kxe4
{[%clk 0:03:21]} 0-1